Bridgerton Quiz #1 - Statistics

General Stats
  • This quiz has been taken 1,604 times
  • The average score is 9 of 15
Answer Stats
Hint Answer % Correct
Which sibling does it focus on? Daphne
98%
How many Bridgerton siblings are there? 8
93%
Which Bridgerton is an artist? Benedict
89%
What character do they marry? Simon
89%
Who is the youngest Bridgerton? Hyacinth
81%
What is the Bridgertons' mother called? Violet
76%
What is the first Bridgerton book called? The Duke and I
71%
Who did she marry? Edmund
61%
Who does that Bridgerton marry? Sophie
60%
Who wrote the Bridgeton books? Julia Quinn
50%
What is that book called? The Viscount Who Loved Me
46%
What actor plays that character on the Netflix series? Phoebe Dynevor
44%
What happens to Kate in the garden in the second book? Stung by a bee
32%
What is their first child called? Amelia
19%
Where is Francesca at the time the first book is set? Scotland
17%
No matching quizzes found
Score Distribution
Percent of People with Each Score
Percentile by Number Answered
Your Score History
You have not taken this quiz